00277nam a2200109Ia 4500008004100000100003200041245004100073260001800114650001300132942000700145999001500152190216s9999||||xx |||||||||||||| ||und|| aGovt Of India Plannig Comm 0aReport Of The Calculation Commission bCurrent Books aCommerce cBK c3841d3841